Frases de Belén Esteban II - Muerte súbita - Estadísticas

Estadísticas generales
  • Esta prueba ha sido intentada 111 veces
  • La puntuación promedio es 4 de 8
Answers on the Grid
Answers color-coded by a green-red scale on the quiz's grid according to % correct below.
No para, no para, no para
Pregunto
Te vengo a decir, te vengo a decir, oh mi salvador
No dejes de soñar
La Beyonsebe
¡Ni que fuera yo Bin Laden!
¡Reina del Martes Santo! ¡El barrio entero pa' ti!
Uy, pero si es la Húngara
He traído el certificado médico
Pim, pam, pum, tengo una pistola
Soy ciudadana de un país democrático
Una cosa te voy a decir, dos escopetas tengo
Tú imagínate que yo soy Belén Esteban
¿El rio? Una mierda
Pá-ga-me
Que te meto con el mechero, mierda
Hasta luego, Mari Carmen
Yo bailo el chuminero cuando me sale de las narices
¿Dónde está el cupón?
Este es mi cortijo
Tú y yo, Chelo, y te quiero
Dientes, dientes, que eso les jode
Di la fuente, di la fuente
Este es mi momento y quiero vivirlo
Ponte un puntito
Idiomas querida, aprende.
Un beso a la enana
 
Estadísticas de respuestas
Respuesta % Correcto
Pregunto
77%
¡Ni que fuera yo Bin Laden!
69%
Pá-ga-me
69%
Hasta luego, Mari Carmen
54%
Pim, pam, pum, tengo una pistola
51%
Tú imagínate que yo soy Belén Esteban
51%
Ponte un puntito
31%
¿Dónde está el cupón?
5%
No se encontraron pruebas coincidentes
Distribución de puntuación
Porcentaje de gente con cada puntuación
Porcentaje por número respondido
Historial de tus puntuaciones
No has intentado esta prueba.